MARC

LEADER 00000nam0a2200000 4500
001 246546
005 20231101232221.0
035 |a (RuTPU)RU\TPU\book\267997 
090 |a 246546 
100 |a 20131205d1974 km y0rusy50 ca 
101 0 |a rus 
102 |a RU 
105 |a y z 001zy 
200 1 |a Справочник химика-лаборанта  |f В. В. Писаренко 
205 |a 2-е изд., перераб. и доп. 
210 |a Москва  |c Высшая школа  |d 1974 
215 |a 239 с. 
320 |a Основные термины: с. 3-13. 
606 1 |a Лабораторная химия  |2 stltpush  |3 (RuTPU)RU\TPU\subj\70426  |9 84687 
610 1 |a химические термины 
610 1 |a единицы измерения 
610 1 |a химические элементы 
610 1 |a простые вещества 
610 1 |a неорганические соединения 
610 1 |a вода 
610 1 |a воздух 
610 1 |a газы 
610 1 |a физические свойства 
610 1 |a растворы 
610 1 |a органические соединения 
610 1 |a элементоорганические соединения 
610 1 |a высокомолекулярные соединения 
610 1 |a пластмассы 
610 1 |a химический анализ 
610 1 |a электрохимия 
610 1 |a лабораторная практика 
610 1 |a техника безопасности 
675 |a 542(035)  |v 3 
700 1 |a Писаренко  |b В. В.  |g Владислав Васильевич 
801 1 |a RU  |b 63413507  |c 20131205 
801 2 |a RU  |b 63413507  |c 20220422  |g RCR 
942 |c BK